India becoming : (Record no. 190)

000 -LEADER
fixed length control field 04007cam a22004334a 4500
001 - CONTROL NUMBER
control field 17082789
003 - CONTROL NUMBER IDENTIFIER
control field OSt
005 - DATE AND TIME OF LATEST TRANSACTION
control field 20210417110221.0
008 - FIXED-LENGTH DATA ELEMENTS--GENERAL INFORMATION
fixed length control field 111213s2012 nyub 000 0 eng
010 ## - LIBRARY OF CONGRESS CONTROL NUMBER
LC control number 2011047588
020 ## - INTERNATIONAL STANDARD BOOK NUMBER
International Standard Book Number 9781594488191 (hardback)
040 ## - CATALOGING SOURCE
Original cataloging agency DLC
Transcribing agency DLC
Modifying agency DLC
042 ## - AUTHENTICATION CODE
Authentication code pcc
043 ## - GEOGRAPHIC AREA CODE
Geographic area code a-ii---
050 00 - LIBRARY OF CONGRESS CALL NUMBER
Classification number HC435.3
Item number .K36 2012
080 ## - UNIVERSAL DECIMAL CLASSIFICATION NUMBER
Universal Decimal Classification number 94
Item number K-20
082 00 - DEWEY DECIMAL CLASSIFICATION NUMBER
Classification number 330.954
Edition number 23
084 ## - OTHER CLASSIFICATION NUMBER
Classification number HIS037080
-- HIS017000
Number source bisacsh
100 1# - MAIN ENTRY--PERSONAL NAME
Personal name Kapur, Akash.
245 10 - TITLE STATEMENT
Title India becoming :
Remainder of title a portrait of life in modern India /
Statement of responsibility, etc. Akash Kapur.
260 ## - PUBLICATION, DISTRIBUTION, ETC.
Place of publication, distribution, etc. New York :
Name of publisher, distributor, etc. Riverhead Books,
Date of publication, distribution, etc. 2012.
300 ## - PHYSICAL DESCRIPTION
Extent 292 p. :
Other physical details map ;
Dimensions 24 cm.
365 ## - TRADE PRICE
Price amount 26.95 usd
520 ## - SUMMARY, ETC.
Summary, etc. "A portrait of incredible change and economic development, of social and national transformation told through individual lives. The son of an Indian father and an American mother, Akash Kapur spent his formative years in India and his early adulthood in the United States. In 2003, he returned to his birth country for good, eager to be part of its exciting growth and modernization. What he found was a nation even more transformed than he had imagined, where the changes were fundamentally altering Indian society, for better and sometimes for worse. To further understand these changes, he sought out the Indians experiencing them firsthand. The result is a rich tapestry of lives being altered by economic development, and a fascinating insider's look at many of the most important forces shaping our world today. Much has been written about the rise of Asia and a rebalancing of the global economy, but rarely does one encounter these big stories with the level of nuance and detail that Kapur gives us in India Becoming. Among the characters we meet are a broker of cows who must adapt his trade to a modernizing economy; a female call center employee whose relatives worry about her values in the city; a feudal landowner who must accept that he will not pass his way of life down to his children; and a career woman who wishes she could 'outsource' having a baby. Through these stories and many others, Kapur provides a fuller understanding of the complexity and often contradictory nature of modern India. India Becoming is particularly noteworthy for its emphasis on rural India -- a region often neglected in writing about the country, though 70 percent of the population still lives there. In scenes reminiscent of R.K. Narayan's classic works on the Indian countryside, Kapur builds intimate portraits of farmers, fishermen, and entire villages whose ancient ways of life are crumbling, giving way to an uncertain future that is at once frightening and full of promise. Kapur himself grew up in rural India; his descriptions of change and modernization are infused with a profound -- at times deeply poignant -- firsthand understanding of the loss that must accompany all development and progress. India Becoming is essential reading for anyone interested in our changing world and the newly emerging global order. It is a riveting narrative that puts the personal into a broad, relevant and revelational context"--
Assigning source Provided by publisher.
650 #0 - SUBJECT ADDED ENTRY--TOPICAL TERM
Topical term or geographic name entry element Social change
Geographic subdivision India.
650 #7 - SUBJECT ADDED ENTRY--TOPICAL TERM
Topical term or geographic name entry element HISTORY / Modern / 21st Century
Source of heading or term bisacsh.
650 #7 - SUBJECT ADDED ENTRY--TOPICAL TERM
Topical term or geographic name entry element HISTORY / Asia / India & South Asia
Source of heading or term bisacsh.
651 #0 - SUBJECT ADDED ENTRY--GEOGRAPHIC NAME
Geographic name India
General subdivision Economic conditions
Chronological subdivision 21st century.
651 #0 - SUBJECT ADDED ENTRY--GEOGRAPHIC NAME
Geographic name India
General subdivision Social conditions
Chronological subdivision 21st century.
651 #0 - SUBJECT ADDED ENTRY--GEOGRAPHIC NAME
Geographic name India
General subdivision Rural conditions.
653 ## - INDEX TERM--UNCONTROLLED
Uncontrolled term ისტორია
653 ## - INDEX TERM--UNCONTROLLED
Uncontrolled term ინდოეთი
653 ## - INDEX TERM--UNCONTROLLED
Uncontrolled term ეკონომიკური მდგომარეობა
653 ## - INDEX TERM--UNCONTROLLED
Uncontrolled term სოციალური მდგომარეობა
856 42 - ELECTRONIC LOCATION AND ACCESS
Materials specified Cover image
Uniform Resource Identifier <a href="ftp://ppftpuser:welcome@ftp01.penguingroup.com/Booksellers and Media/Covers/2008_2009_New_Covers/9781594488191.jpg">ftp://ppftpuser:welcome@ftp01.penguingroup.com/Booksellers and Media/Covers/2008_2009_New_Covers/9781594488191.jpg</a>
906 ## - LOCAL DATA ELEMENT F, LDF (RLIN)
a 7
b cbc
c orignew
d 1
e ecip
f 20
g y-gencatlg
942 ## - ADDED ENTRY ELEMENTS (KOHA)
Source of classification or shelving scheme
Koha item type Books
Holdings
Withdrawn status Lost status Source of classification or shelving scheme Damaged status Not for loan Permanent location Current location Date acquired Inventory number Full call number Barcode Date last seen Price effective from Koha item type
          Ken Walker International University Ken Walker International University 11/12/2020 214 94 K-20 214 11/12/2020 11/12/2020 Books

Powered by Koha